MARC

LEADER 00000nab a2200000 ar4500
001 vtls008769883
003 SK-MaSNL
005 20260303061924.0
008 060605c2006 xo mr|p|||||||000 b|slo
015 |a SNBRB2006/06  |2 snkbucl 
038 |a SNKBUCL 
040 |a SNKBUCL  |b slo  |c SNKBUCL  |e AACR2 
041 0 |a slo 
044 |a xo  |c SK 
080 |a 82.09:821.162.4-3  |x (081)  |x (048)  |2 1997 
080 |a 821.162.4-3  |x (081)  |x (048)  |2 1997 
080 |a 821.162.4-93  |x (081)  |x (048)  |2 1997 
080 |a 821.162.4-32  |x (0.053.2)  |x (081)  |x (048)  |2 1997 
100 1 |a Marčok, Viliam,  |d 1935-2013  |4 aut  |9 99981 
245 1 0 |a Vlado Bednár klasikom! - Klasikom?  |c Viliam Marčok 
600 1 7 |a Bednár, Vlado,  |d 1941-1984  |2 snkbucl  |9 85443 
650 0 7 |a spoločenské novely, slovenské  |x recenzie  |2 snkbucl  |9 1044273 
650 0 7 |a humoristické novely, slovenské  |x recenzie  |2 snkbucl  |9 1056869 
650 0 7 |a satirické novely, slovenské  |x recenzie  |2 snkbucl  |9 1056870 
650 0 7 |a prózy pre deti a mládež, slovenské  |x recenzie  |2 snkbucl  |9 1056871 
655 7 |a recenzie  |2 snkbucl  |9 21907 
773 0 |t Knižná revue  |g Roč. XVI., č. 8 (2006), s. 3  |x 1210-1982 
787 0 8 |i Rec.:  |a Bednár, Vlado, 1941-1984  |t Výber. I  |d Bratislava : Slovenský Tatran, 2005  |z 8022205230 
852 |a SNK  |b KIS3GCP 
958 |a LX 
958 |a RC 
999 |c 1737293  |d 1739223